书目信息 |
| 题名: |
张量分析及其应用
|
|
| 作者: | 李开泰 , 黄艾香 著 | |
| 分册: | ||
| 出版信息: | 北京 科学出版社 2004 |
|
| 页数: | 301页 | |
| 开本: | 24cm | |
| 丛书名: | 研究生教学丛书 | |
| 单 册: | ||
| 中图分类: | O183.2 | |
| 科图分类: | ||
| 主题词: | 张量分析--研究生--教材 | |
| 电子资源: | ||
| ISBN: | 7-03-013311-0 | |
| 000 | 01068oam2 2200277 450 | |
| 001 | 0900000009442 | |
| 005 | 20051115153644.96 | |
| 010 | @a7-03-013311-0@dCNY32.00 | |
| 092 | @aCN | |
| 100 | @a20040821d2004 ekmy0chiy0120 ea | |
| 101 | 0 | @achi |
| 102 | @aCN@b110000 | |
| 105 | @ay az 000yy | |
| 200 | 1 | @a张量分析及其应用@9zhang liang fen xi ji qi ying yong@f李开泰,黄艾香著@Fli kai tai,huang ai xiang zhu |
| 210 | @a北京@c科学出版社@d2004 | |
| 215 | @a301页@d24cm | |
| 225 | 2 | @a研究生教学丛书 |
| 320 | @a有书目 | |
| 330 | @a本书主要讲解了张量的基本概念、代数运算和微分学,以及Riemann流形上的张量及其微积分学、Riemann流形上的微分算子。书中还用大量的篇幅讲授了张量在连续介质力学和物理中的应用,其中有许多内容是作者30多年研究生涯中应用张量分析工具、建立相关力学数学模型、发展新的数学方法和数值计算方法的研究成果。 | |
| 410 | 0 | @12001 @a研究生教学丛书 |
| 606 | 0 | @a张量分析@x研究生@x教材 |
| 690 | @aO183.2@v4 | |
| 701 | 0 | @a李开泰@Ali kai tai@4著 |
| 701 | 0 | @a黄艾香@Ahuang ai xiang@4著 |
| 801 | 0 | @aCN@bCXYBOOK@c20051115 |
| 905 | @a10447@dO183.2@e4 | |
| 张量分析及其应用/李开泰,黄艾香著.-北京:科学出版社,2004 |
| 301页;24cm.-(研究生教学丛书) |
| ISBN 7-03-013311-0:CNY32.00 |
| 本书主要讲解了张量的基本概念、代数运算和微分学,以及Riemann流形上的张量及其微积分学、Riemann流形上的微分算子。书中还用大量的篇幅讲授了张量在连续介质力学和物理中的应用,其中有许多内容是作者30多年研究生涯中应用张量分析工具、建立相关力学数学模型、发展新的数学方法和数值计算方法的研究成果。 |
| ● |
| 相关链接 |
|
|
|
|
正题名:张量分析及其应用
索取号:O183.2/4
 
预约/预借
| 序号 | 登录号 | 条形码 | 馆藏地/架位号 | 状态 | 备注 |
| 1 | 0367847 | 203678476 | 第二样本阅览室/ [索取号:O183.2/4] | 在馆 | |
| 2 | 0367848 | 203678485 | 第三借阅区/ [索取号:O183.2/4] | 在馆 | |
| 3 | 0367849 | 203678494 | 第三借阅区/ [索取号:O183.2/4] | 在馆 | |
| 4 | 0367850 | 203678500 | 第三借阅区/ [索取号:O183.2/4] | 在馆 | |
| 5 | 0367851 | 203678519 | 第三借阅区/ [索取号:O183.2/4] | 在馆 |